00619 2200193 4500001002100000005001500021035002000036007000300056008004100059020002200100082001000122084001600132100002400148245009500172260003800267300004400305650003700349650003900386INLIS00000000000109520241028101217 a0010-1024000065ta241028 g 0 ind  a978-979-582-241-7 a635.6 a635.6 NUR b0 aNur Laili Rahmawati1 aBUDIDAYA CABAI DI DATARAN TINGGI STANDAR OPERASIONAL PROSEDUR (SOP) /cNur Laili Rahmawati aJakarta :bPertanian Press,c2023 avi, 95 hlm, :bilus, ;c21 cm X 29,5 cm 4aBUDIDAYA CABAI DI DATARAN TINGGI 4aSTANDAR OPERASIONAL PROSEDUR (SOP)